|
|
|
|
| LEADER |
00000cam a2200000 a 4500 |
| 001 |
660-8 |
| 005 |
20230308171552.0 |
| 008 |
000000|1883 ||||||||r|||||||||||spa|| |
| 040 |
|
|
|b spa
|
| 041 |
0 |
|
|a Francés
|
| 082 |
0 |
|
|a 340
|
| 245 |
|
|
|a Cours de droit civil francais. D´après la méthode de Zachariae
|c C. Aubry y C. Rau
|h imp
|n tomo 8
|
| 250 |
|
|
|a 4a ed.
|
| 264 |
|
|
|a Paris
|b Imprimerie et Librairie Générale de Jurisprudence
|c 1883
|
| 300 |
|
|
|a 628 páginas:
|c 22 cm
|
| 650 |
|
0 |
|a Sistemas jurídicos
|9 7453
|
| 700 |
1 |
|
|a Aubry, C.
|9 16644
|
| 700 |
1 |
|
|a Rau, C.
|9 16645
|
| 852 |
|
|
|a UC-CDJBV
|c COLONIALES
|f Compra
|k mariana.feican
|l 1
|m Limitada
|p 00000000
|q 50.00
|t 660-8
|y 387286
|b 1
|d CDRC
|e CDRC
|g 340 COLONIALES
|z 0000-00-00
|
| 942 |
|
|
|c BK
|
| 999 |
|
|
|c 36631
|d 36631
|